IT-enabled quality management systems (Record no. 404880)

000 -LEADER
fixed length control field 00323cam a22001097a 4500
008 - FIXED-LENGTH DATA ELEMENTS--GENERAL INFORMATION
fixed length control field 180718b2005 xxu||||| |||| 00| 0 eng d
020 ## - INTERNATIONAL STANDARD BOOK NUMBER
International Standard Book Number 8178814498
245 ## - TITLE STATEMENT
Title IT-enabled quality management systems
Statement of responsibility, etc. edited by S. Jaya Krishna
260 ## - PUBLICATION, DISTRIBUTION, ETC.
Place of publication, distribution, etc. Hyderabad
Name of publisher, distributor, etc. ICFAI Univ. Press
Date of publication, distribution, etc. 2005
300 ## - PHYSICAL DESCRIPTION
Extent 182p.
700 ## - ADDED ENTRY--PERSONAL NAME
Personal name Krishna, S. Jaya
Holdings
Withdrawn status Lost status Damaged status Not for loan Permanent Location Current Location Date acquired Barcode Date last seen Price effective from Koha item type
        Indian Institute of Public Administration Indian Institute of Public Administration 2005-12-13 80740 2018-07-21 2018-07-21 Book

Powered by Koha